00579nam a2200145Ia 4500008004100000082001800041100002100059245007400080260003000154300001000184942001200194999001900206952010700225952010100332210430s9999 xx 000 0 und d a621.381 K1911 aS O Kasap952136 aPrinciples of Electrical Engineering Materials and DevicescS O Kasap aBostonbMcGraw Hillc2000 a690p. cBK2ddc c563033d563033 001040708NFICaSCMEbSCMEcGENd0000-00-00l0o621.381 K1911pSCME-1922r2021-04-30w2021-04-30yBK 00102ddc4070aSCMEbSCMEd2024-05-09l0o621.381 K1911pSCME-1920r2024-05-09w2024-05-09yBK